| 000 | 02590nas2a22003011i 4500 | ||
|---|---|---|---|
| 001 | RU\NLR\INFOCOMM16\1000007699 | ||
| 005 | 20240727141628.0 | ||
| 035 | _a(NLR Aleph) 002650356 | ||
| 090 |
_a3865152 _c3865152 |
||
| 100 | _a20040106c1984 |||y0rusy50 ca | ||
| 101 | 0 | _arus | |
| 102 | _aRU | ||
| 110 | _azyu||||0|y0 | ||
| 200 | 1 | _aВалютно-финансовое положение стран Восточной и Юго-Восточной Европы | |
| 210 |
_aМ. _d1984- |
||
| 225 | 0 |
_aАктуальные валютно-финансовые проблемы зарубежных стран _v... |
|
| 300 | _aВ надзаг. также: М-во финансов Рос. Федерации | ||
| 430 | 0 |
_12001#$aВалютно-финансовое положение стран-членов СЭВ _tВалютно-финансовое положение стран-членов СЭВ |
|
| 430 | 0 |
_12001#$aЭкономическое и валютно-финансовое положение стран-членов СЭВ _tЭкономическое и валютно-финансовое положение стран-членов СЭВ |
|
| 430 | 0 |
_12001#$aЭкономическое и валютно-финансовое положение стран-членов СЭВ и СФРЮ _tЭкономическое и валютно-финансовое положение стран-членов СЭВ и СФРЮ |
|
| 461 | 0 |
_1001RU\NLR\INFOCOMM16\1000487276 _12001#$aАктуальные валютно-финансовые проблемы зарубежных стран$fН.-и. фин. ин-т _94056565 _cМ. _d1983- _fН.-и. фин. ин-т _tАктуальные валютно-финансовые проблемы зарубежных стран |
|
| 801 | 1 |
_aRU _bInfoComm _c20040106 |
|
| 801 | 0 |
_aRU _bNLR _gPSBO |
|
| 852 |
_aNLR _jП22/5129 |
||
| 942 | _cSE | ||
| 980 | _aRUSPER | ||